Programy pro matematické modelování

Bibliographic Details
Main Authors: Lauber, Josef (Author), Jablonský, Josef, 1955- (Author)
Format: Book
Language:Czech
PhysicalDescription:316 s. 20 cm
Published: Praha Vysoká škola ekonomická 1993
ISBN:8070790881
Edition:1. vyd.

MARC

LEADER 00000nam a2200000 a 4500
001 vtls001160137
003 SK-MaSNL
005 20260301141246.0
008 250414s1993 xr 0 cze
020 |a 8070790881 
035 |a SNK000103044 
040 |a SNK  |b slo  |c SNK  |e AACR2 
041 0 |a cze 
044 |a xr  |c CZ 
080 |a 519.87(075.8)  |2 1981 
100 1 |a Lauber, Josef  |4 aut  |9 379028 
245 1 0 |a Programy pro matematické modelování  |c Josef Lauber, Josef Jablonský 
250 |a 1. vyd. 
260 |a Praha  |b Vysoká škola ekonomická  |c 1993 
300 |a 316 s.  |c 20 cm 
700 1 |a Jablonský, Josef,  |d 1955-  |4 aut  |9 116883 
852 |a Slovenská národná knižnica 
919 |a 80-7079-088-1 
954 |a modelovanie matematické 
999 |c 766549  |d 768479 
952 |t P60, <04>, [BOOK], {604}  |a SNK  |b SNK  |y VYP  |7 0  |p 17A0339265  |o snkIC 123924  |0 0  |1 0  |4 0  |d 2002-04-04  |l 0  |r 2005-01-01 00:00:00  |w 2026-02-24